00743nam a2200229Ia 450000500170000000800410001702000150005810000370007324500450011025000190015530000430017465000410021765000430025894200150030126400480031633600270036433700330039133800280042404000350045208400110048799900150049820220317000747.0160601s2003 CK a g 000 0 spa  a95865561231 aArango, José Manueld1937-200210aPoesía completa cJosé Manuel Arango a1a. edición  a358 páginas bilustraciones c20 cm 142LEMBaPoesía colombiana ySiglo XX142LEMBaLiteratura colombiana ySiglo XX 2loccBKLIT aMedellín bUniversidad de Antioquiac2003 atextobtxt2rdacontent asin mediaciónbn2rdamedia avolumenbnc2rdacarrier aCO-BoRNBPbspaerdacCO-BoRNBP aP ARA5 c4979d4979